00289nam a2200121Ia 4500008004100000082001700041100002200058245004000080250000800120260002300128300000800151650000800159191201s2006 xx 000 0 und d a658.804bHAI aHAVALDAR, Krishna 0aIndustrial Marketing Text and Cases a2nd aN.DelhibTMHc2006 a379 aMBA